[Event "CZE-chT2C 1718"]
[Site "Czech Republic"]
[Date "2018.02.11"]
[Round "8.3"]
[White "Miesbauer, Jan"]
[Black "Skoda, Martin"]
[Result "1-0"]
[WhiteElo "2298"]
[BlackElo "2126"]
[PlyCount "99"]
[EventDate "2017.10.15"]
[EventType "team-tourn"]
[EventRounds "11"]
[EventCountry "CZE"]
[SourceTitle "EXT 2022"]
[Source "ChessBase"]
[SourceDate "2021.10.06"]
[SourceVersion "1"]
[SourceVersionDate "2021.10.06"]
[SourceQuality "1"]
[WhiteTeam "Pisek"]
[BlackTeam "Jihlava Gambit"]
[WhiteTeamCountry "CZE"]
[BlackTeamCountry "CZE"]

1. e4 d5 2. exd5 Qxd5 3. Nc3 Qd6 4. d4 Nf6 5. Nf3 a6 6. g3 Bg4 7. Bg2 Nc6 8. d5 Ne5 9. Bf4 Nxf3+ 10. Bxf3 Bxf3 11. Qxf3 e5 12. Qe2 Nd7 13. 0-0-0 Be7 14. Be3 f5 15. g4 g6 16. gxf5 gxf5 17. Rhg1 0-0-0 18. Qh5 f4 19. Bd2 Nf6 20. Qf5+ Kb8 21. Rge1 Nd7 22. Qe6 Bh4 23. Ne4 Qb6 24. Re2 Rhe8 25. Qh3 Qh6 26. c4 Bg5 27. Qxh6 Bxh6 28. f3 Rg8 29. Bc3 Bf8 30. Kc2 Bd6 31. b4 b6 32. a4 Rg6 33. Ra1 Rdg8 34. a5 Rg2 35. Rxg2 Rxg2+ 36. Kd3 b5 37. c5 Be7 38. Re1 h5 39. c6 Nf8 40. Nc5 Ng6 41. Bxe5 Nxe5+ 42. Rxe5 Bd6 43. Rxh5 Rf2 44. Ke4 Re2+ 45. Kd4 Rd2+ 46. Kc3 Rf2 47. Ne4 Rxf3+ 48. Kd4 Bxb4 49. Rh8+ Ka7 50. d6 1-0

[Event "CZE-chT2E 1516"]
[Site "Czech Republic"]
[Date "2016.04.03"]
[Round "10.3"]
[White "Zednik, Josef"]
[Black "Skoda, Martin"]
[Result "1/2-1/2"]
[WhiteElo "2109"]
[BlackElo "2153"]
[PlyCount "74"]
[EventDate "2015.10.18"]
[EventType "team-tourn"]
[EventRounds "11"]
[EventCountry "CZE"]
[SourceTitle "EXT 2022"]
[Source "ChessBase"]
[SourceDate "2021.10.06"]
[SourceVersion "1"]
[SourceVersionDate "2021.10.06"]
[SourceQuality "1"]
[WhiteTeam "Grygov II"]
[BlackTeam "Jihlava Silko Gambit"]
[WhiteTeamCountry "CZE"]
[BlackTeamCountry "CZE"]

1. d4 Nf6 2. Nf3 g6 3. c4 Bg7 4. Nc3 0-0 5. Bg5 d6 6. e3 Nbd7 7. Be2 h6 8. Bh4 a6 9. Qc2 Re8 10. 0-0 Nf8 11. b4 g5 12. Bg3 Nh5 13. Nd2 Nxg3 14. hxg3 c5 15. bxc5 dxc5 16. d5 e6 17. Bf3 Rb8 18. Rab1 Qa5 19. Nce4 b6 20. Nd6 Rd8 21. Nxc8 Rbxc8 22. Rb3 b5 23. e4 b4 24. Rd3 Qc7 25. Qa4 Ng6 26. Be2 exd5 27. Rxd5 Ne7 28. Rxd8+ Rxd8 29. Nb3 Qb6 30. Rd1 Rxd1+ 31. Bxd1 Qd6 32. Qe8+ Bf8 33. Bh5 Ng6 34. Kh2 Kg7 35. Bxg6 Qxg6 36. f3 Qd6 37. Qc8 Be7 1/2-1/2

[Event "CZE-chT2E 1516"]
[Site "Czech Republic"]
[Date "2015.11.08"]
[Round "2.3"]
[White "Skoda, Martin"]
[Black "Kratochvil, Josef"]
[Result "1-0"]
[WhiteElo "2153"]
[BlackElo "2268"]
[PlyCount "83"]
[EventDate "2015.10.18"]
[EventType "team-tourn"]
[EventRounds "11"]
[EventCountry "CZE"]
[SourceTitle "EXT 2022"]
[Source "ChessBase"]
[SourceDate "2021.10.06"]
[SourceVersion "1"]
[SourceVersionDate "2021.10.06"]
[SourceQuality "1"]
[WhiteTeam "Jihlava Silko Gambit"]
[BlackTeam "Lipovec Garde"]
[WhiteTeamCountry "CZE"]
[BlackTeamCountry "CZE"]

1. e4 c5 2. Nf3 e6 3. d4 cxd4 4. Nxd4 a6 5. Bd3 Nf6 6. 0-0 Qc7 7. Qe2 d6 8. c4 g6 9. Nc3 Bg7 10. Kh1 0-0 11. Bg5 h6 12. Be3 Nbd7 13. f4 Re8 14. Rae1 b6 15. f5 Bb7 16. fxg6 fxg6 17. Rf3 Ne5 18. Rg3 Rac8 19. Nf3 Nh5 20. Rh3 Nxc4 21. Bxc4 Qxc4 22. Qd2 d5 23. Bxh6 dxe4 24. Nh4 Rf8 25. Rg1 Rf1 26. Nxg6 Bd4 27. Be3 Bxe3 28. Qxe3 Rxg1+ 29. Kxg1 Qc5 30. Ne7+ Qxe7 31. Rxh5 Rc5 32. Rxc5 bxc5 33. Nxe4 Qg7 34. h4 Qxb2 35. Qg5+ Kf8 36. Qxc5+ Kg8 37. Qg5+ Kf8 38. Qd8+ Kg7 39. Qe7+ Kh8 40. Qf8+ Kh7 41. Ng5+ Kg6 42. Qf7+ 1-0

[Event "CZE-chT2C 1415"]
[Site "Czech Republic"]
[Date "2015.03.29"]
[Round "10.1"]
[White "Skoda, Martin"]
[Black "Neckar, Lubomir"]
[Result "0-1"]
[WhiteElo "2123"]
[BlackElo "2349"]
[PlyCount "56"]
[EventDate "2014.11.02"]
[EventType "team-tourn"]
[EventRounds "11"]
[EventCountry "CZE"]
[SourceTitle "EXT 2022"]
[Source "ChessBase"]
[SourceDate "2021.10.06"]
[SourceVersion "1"]
[SourceVersionDate "2021.10.06"]
[SourceQuality "1"]
[WhiteTeam "Jihlava Silko Gambit"]
[BlackTeam "Lysa nad Labem III"]
[WhiteTeamCountry "CZE"]
[BlackTeamCountry "CZE"]

1. e4 Nf6 2. e5 Nd5 3. d4 d6 4. Nf3 g6 5. Be2 Bg7 6. exd6 cxd6 7. 0-0 0-0 8. c4 Nb6 9. Nc3 Nc6 10. Be3 Bg4 11. b3 d5 12. c5 Nc8 13. Rc1 e6 14. Ne5 Bxe2 15. Nxc6 bxc6 16. Nxe2 Ne7 17. Qd3 Nf5 18. Bf4 f6 19. g4 Nh6 20. Qg3 Nf7 21. b4 e5 22. Bd2 Qd7 23. f4 exf4 24. Bxf4 Rfe8 25. Rf2 Re4 26. Qf3 Ng5 27. Qg2 Ne6 28. b5 Rxe2 0-1

[Event "CZE-chT2C 1415"]
[Site "Czech Republic"]
[Date "2015.02.22"]
[Round "8.2"]
[White "Skoda, Martin"]
[Black "Haba, Zdenek"]
[Result "0-1"]
[WhiteElo "2123"]
[BlackElo "2281"]
[PlyCount "76"]
[EventDate "2014.11.02"]
[EventType "team-tourn"]
[EventRounds "11"]
[EventCountry "CZE"]
[SourceTitle "EXT 2022"]
[Source "ChessBase"]
[SourceDate "2021.10.06"]
[SourceVersion "1"]
[SourceVersionDate "2021.10.06"]
[SourceQuality "1"]
[WhiteTeam "Jihlava Silko Gambit"]
[BlackTeam "Jihlava Gordic"]
[WhiteTeamCountry "CZE"]
[BlackTeamCountry "CZE"]

1. e4 g6 2. d4 Bg7 3. Nc3 d6 4. Be3 a6 5. Qd2 b5 6. 0-0-0 Bb7 7. f3 Nd7 8. g4 h5 9. Bg2 Nb6 10. g5 Nc4 11. Qd3 Nxe3 12. Qxe3 e6 13. d5 Ne7 14. dxe6 fxe6 15. Bh3 Bc8 16. Nge2 b4 17. Na4 e5 18. Bxc8 Qxc8 19. Qb3 a5 20. h4 Rf8 21. Rd3 Qa6 22. Rhd1 Rf7 23. c4 Nc6 24. c5 Nd4 25. Nxd4 exd4 26. Qd5 Rd8 27. Qe6+ Kf8 28. Kd2 Qb5 29. b3 dxc5 30. Rc1 c4 31. Rxc4 Qe5 32. Qxg6 Qh2+ 33. Kc1 Qg1+ 34. Kc2 Qf2+ 35. Kc1 Qf1+ 36. Kc2 Qe2+ 37. Rd2 d3+ 38. Kc1 Qf1+ 0-1

[Event "CZE-chT2C 1314"]
[Site "Czech Republic"]
[Date "2014.02.02"]
[Round "7.1"]
[White "Orsag, Milan"]
[Black "Skoda, Martin"]
[Result "1-0"]
[WhiteElo "2378"]
[BlackElo "2102"]
[PlyCount "95"]
[EventDate "2013.11.03"]
[EventType "team-tourn"]
[EventRounds "11"]
[EventCountry "CZE"]
[SourceTitle "EXT 2015"]
[Source "ChessBase"]
[SourceDate "2014.11.20"]
[SourceVersion "1"]
[SourceVersionDate "2014.11.20"]
[SourceQuality "1"]
[WhiteTeam "Praha Dukla"]
[BlackTeam "Jihlava Gambit"]
[WhiteTeamCountry "CZE"]
[BlackTeamCountry "CZE"]

1. d4 Nf6 2. Nf3 g6 3. c4 Bg7 4. Nc3 0-0 5. Bg5 d6 6. e3 c6 7. Be2 Nbd7 8. 0-0 Qc7 9. Qc2 e5 10. Rfd1 Re8 11. Rac1 Nf8 12. dxe5 dxe5 13. Nd2 Bf5 14. Qb3 N8d7 15. e4 Nc5 16. Qc2 Bd7 17. Be3 Ne6 18. Nb3 Rad8 19. g3 h5 20. f3 h4 21. Bf1 Nh5 22. Qf2 hxg3 23. hxg3 b6 24. a4 Nd4 25. Nxd4 exd4 26. Bxd4 Qxg3+ 27. Qxg3 Nxg3 28. Bxg7 Kxg7 29. Bg2 Be6 30. b3 Kf8 31. Kf2 Nh5 32. Ne2 Rd7 33. Rxd7 Bxd7 34. Ke3 Ke7 35. Rh1 Rb8 36. Bh3 Bxh3 37. Rxh3 Kd7 38. Rh1 b5 39. Rd1+ Kc7 40. axb5 cxb5 41. c5 a5 42. Rd6 a4 43. b4 Rb7 44. Nc3 Ng7 45. Nd5+ Kc8 46. Ra6 Ne6 47. c6 Rb8 48. Ra7 1-0

[Event "CZE-chT1E 1213"]
[Site "Czech Republic"]
[Date "2013.01.13"]
[Round "5.6"]
[White "Olsar, Jaroslav"]
[Black "Skoda, Martin"]
[Result "1-0"]
[WhiteElo "2233"]
[BlackElo "2017"]
[PlyCount "115"]
[EventDate "2012.10.21"]
[EventType "team-tourn"]
[EventRounds "11"]
[EventCountry "CZE"]
[SourceTitle "EXT 2014"]
[Source "ChessBase"]
[SourceDate "2013.11.20"]
[SourceVersion "1"]
[SourceVersionDate "2013.11.20"]
[SourceQuality "1"]
[WhiteTeam "Karvina"]
[BlackTeam "Jihlava"]
[WhiteTeamCountry "CZE"]
[BlackTeamCountry "CZE"]

1. e4 c5 2. Nf3 e6 3. d4 cxd4 4. Nxd4 a6 5. Nc3 Qc7 6. g3 Nf6 7. Bg2 Be7 8. 0-0 d6 9. Re1 0-0 10. h3 Nc6 11. Be3 Ne5 12. Nde2 b5 13. a3 Bb7 14. g4 Nc4 15. Bc1 Rfd8 16. Nf4 Rac8 17. Qe2 Nd7 18. Nd3 Bf6 19. Nd1 Nde5 20. Nxe5 Bxe5 21. c3 d5 22. exd5 Bxd5 23. Bxd5 Rxd5 24. Ne3 Rd7 25. Nxc4 Bh2+ 26. Kg2 bxc4 27. Be3 Rd3 28. Rad1 Rcd8 29. Rxd3 Rxd3 30. Rd1 Qc6+ 31. Kxh2 Qd6+ 32. Bf4 Qxf4+ 33. Kg2 Qd6 34. Rxd3 cxd3 35. Qd2 e5 36. f3 g6 37. g5 h6 38. h4 hxg5 39. hxg5 Qd7 40. Kf2 Qd8 41. b4 Qd7 42. a4 Qxa4 43. Qxd3 Kg7 44. Kg3 Qa1 45. Qe3 Kh7 46. Qxe5 Qg1+ 47. Kh3 Qh1+ 48. Kg4 Qg2+ 49. Kf4 Qh2+ 50. Ke4 Qe2+ 51. Kd4 Qxf3 52. c4 Qd1+ 53. Kc5 Qd7 54. Kb6 Qa4 55. Qc3 Qd7 56. Qe5 Qa4 57. Qa5 Qb3 58. c5 1-0

[Event "Litomysl op 14th"]
[Site "Litomysl"]
[Date "2012.12.26"]
[Round "1"]
[White "Cerveny, Martin"]
[Black "Skoda, Martin"]
[Result "1-0"]
[WhiteElo "2328"]
[BlackElo "2017"]
[PlyCount "55"]
[EventDate "2012.12.26"]
[EventType "swiss"]
[EventRounds "9"]
[EventCountry "CZE"]
[SourceTitle "EXT 2014"]
[Source "ChessBase"]
[SourceDate "2013.11.20"]
[SourceVersion "1"]
[SourceVersionDate "2013.11.20"]
[SourceQuality "1"]

1. d4 Nf6 2. c4 e6 3. Nc3 b6 4. Nf3 Bb7 5. g3 Be7 6. Bg2 0-0 7. 0-0 d5 8. Ne5 Nbd7 9. Qa4 Nxe5 10. dxe5 Ne4 11. cxd5 Nxc3 12. bxc3 exd5 13. c4 c6 14. cxd5 cxd5 15. Rd1 Qc7 16. Bf4 Bc6 17. Qb3 Rad8 18. e6 Qb7 19. exf7+ Rxf7 20. Rac1 Bc5 21. Be3 Bxe3 22. Qxe3 Kh8 23. Qc3 Rf6 24. e4 Rfd6 25. Rd4 Qe7 26. exd5 Bxd5 27. Re1 Qd7 28. Red1 1-0

[Event "Kouty nad Desnou op-A"]
[Site "Kouty nad Desnou"]
[Date "2011.03.17"]
[Round "7"]
[White "Skoda, Martin"]
[Black "Havlik, Jindrich"]
[Result "0-1"]
[WhiteElo "1992"]
[BlackElo "2155"]
[PlyCount "62"]
[EventDate "2011.03.12"]
[EventType "swiss"]
[EventRounds "9"]
[EventCountry "CZE"]
[SourceTitle "EXT 2014"]
[Source "ChessBase"]
[SourceDate "2013.11.20"]
[SourceVersion "1"]
[SourceVersionDate "2013.11.20"]
[SourceQuality "1"]

1. Nf3 e6 2. g3 b6 3. Bg2 Bb7 4. 0-0 c5 5. d3 d5 6. Nbd2 Nf6 7. Re1 Be7 8. c3 0-0 9. Qc2 Nc6 10. e4 Rc8 11. e5 Nd7 12. Nf1 b5 13. h4 d4 14. N1h2 c4 15. dxc4 dxc3 16. bxc3 bxc4 17. Rb1 Nc5 18. Ba3 Nd3 19. Rxb7 Nxe1 20. Nxe1 Bxa3 21. Be4 Nxe5 22. Bxh7+ Kh8 23. Qe2 Kxh7 24. Qxe5 Qd5 25. Qxd5 exd5 26. Nc2 Bc5 27. Nf3 Rb8 28. Rd7 Rfd8 29. Rxf7 Rf8 30. Rxf8 Rxf8 31. Nfd4 Bxd4 0-1

[Event "Kouty nad Desnou op-A"]
[Site "Kouty nad Desnou"]
[Date "2011.03.14"]
[Round "3"]
[White "Skoda, Martin"]
[Black "Stransky, Vojtech"]
[Result "1/2-1/2"]
[WhiteElo "1992"]
[BlackElo "1846"]
[PlyCount "96"]
[EventDate "2011.03.12"]
[EventType "swiss"]
[EventRounds "9"]
[EventCountry "CZE"]
[SourceTitle "EXT 2014"]
[Source "ChessBase"]
[SourceDate "2013.11.20"]
[SourceVersion "1"]
[SourceVersionDate "2013.11.20"]
[SourceQuality "1"]

1. c4 c6 2. Nc3 d5 3. e3 Nf6 4. Nf3 Bg4 5. d4 e6 6. h3 Bh5 7. Be2 dxc4 8. Bxc4 Nbd7 9. 0-0 Be7 10. Be2 0-0 11. e4 Nb6 12. Be3 Qc7 13. Qb3 Nbd7 14. Rac1 a5 15. e5 a4 16. Nxa4 Nd5 17. Nc3 N7b6 18. Nxd5 Nxd5 19. a3 f5 20. exf6 Bxf6 21. Rfe1 Qe7 22. Rc2 Kh8 23. Ne5 Bxe2 24. Rcxe2 Bxe5 25. dxe5 Nxe3 26. Rxe3 Ra5 27. Rd1 Rb5 28. Qc3 Rd8 29. Rd4 Rbd5 30. Rf4 Kg8 31. Ref3 Rc5 32. Qe3 Rb5 33. b4 Rbd5 34. Kh2 Qc7 35. Re4 c5 36. Qf4 cxb4 37. Rxb4 b5 38. Rfb3 Rf8 39. Qg3 Qxe5 40. Qxe5 Rxe5 41. f3 Ra8 42. Rd4 Kf7 43. Rd7+ Kf6 44. Rb7 h6 45. Rb6 Ra4 46. Kg3 g5 47. Rb7 h5 48. Kf2 h4 1/2-1/2